| 000 | 00470nam a2200145Ia 4500 | ||
|---|---|---|---|
| 008 | 170221s9999 xx 000 0 und d | ||
| 100 | _aNaima Bibi | ||
| 245 | _aRole of Gender Diversity in Organizational Effectiveness and its Implications | ||
| 245 | _cNaima Bibi | ||
| 260 | _bInternational Review of Management and Marketing | ||
| 260 | _cJune 2013 | ||
| 300 | _a5:1 | ||
| 650 | _xMarketing. | ||
| 856 | _uhttp://www.econjournals.com/index.php/irmm/issue/view/77 | ||
| 999 |
_c310349 _d310349 |
||